Langerhans Cells Of The Human Skin Possess High-affinity 12(s)-hydroxyeicosa Tetraenoic Acid Receptors
The arachidonic acid metabolite 12-hydroxyeicosatetraenoic acid (12-HETE) is the main eicosanoid formed by epidermal cells and is assumed to play an important role in skin physiology and pathophysiology. Our aim was to find out whether epidermal Langerhans cells possess specific receptors for 12-HET...
Elmentve itt :
| Szerzők: | |
|---|---|
| Dokumentumtípus: | Cikk |
| Megjelent: |
1992
|
| Sorozat: | EUROPEAN JOURNAL OF IMMUNOLOGY
22 No. 9 |
| Tárgyszavak: | |
| doi: | 10.1002/eji.1830220944 |
| mtmt: | 1125089 |
| Online Access: | http://publicatio.bibl.u-szeged.hu/32202 |
| LEADER | 01962nab a2200265 i 4500 | ||
|---|---|---|---|
| 001 | publ32202 | ||
| 005 | 20250327110647.0 | ||
| 008 | 250327s1992 hu o 000 eng d | ||
| 022 | |a 0014-2980 | ||
| 024 | 7 | |a 10.1002/eji.1830220944 |2 doi | |
| 024 | 7 | |a 1125089 |2 mtmt | |
| 040 | |a SZTE Publicatio Repozitórium |b hun | ||
| 041 | |a eng | ||
| 100 | 1 | |a Arenberger P | |
| 245 | 1 | 0 | |a Langerhans Cells Of The Human Skin Possess High-affinity 12(s)-hydroxyeicosa Tetraenoic Acid Receptors |h [elektronikus dokumentum] / |c Arenberger P |
| 260 | |c 1992 | ||
| 300 | |a 2469-2472 | ||
| 490 | 0 | |a EUROPEAN JOURNAL OF IMMUNOLOGY |v 22 No. 9 | |
| 520 | 3 | |a The arachidonic acid metabolite 12-hydroxyeicosatetraenoic acid (12-HETE) is the main eicosanoid formed by epidermal cells and is assumed to play an important role in skin physiology and pathophysiology. Our aim was to find out whether epidermal Langerhans cells possess specific receptors for 12-HETE which would mediate the effects of this eicosanoid in their skin microenvironment. By radioligand binding studies on isolated human Langerhans cells, we could identify specific binding sites for 12(S)-HETE. The analysis of binding data revealed a single class of binding sites with a K(d) of 3.32 +/- 0.45 nm and a B(max) of 691 000 +/- 58 000 receptors per cell.The binding was saturable, readily reversible, and specific for 12(S)-HETE. The receptor is likely to mediate the potent chemotactic response of human Langerhans cells towards 12(S)-HETE, which we previously described. Our results strongly suggest that extremely low concentrations of 12-HETE which is formed by epidermal keratinocytes may dramatically influence the biology of Langerhans cells by receptor-mediated effects. | |
| 650 | 4 | |a Klinikai orvostan | |
| 700 | 0 | 1 | |a Kemény Lajos |e aut |
| 700 | 0 | 1 | |a Rupec R |e aut |
| 700 | 0 | 1 | |a Bieber T |e aut |
| 700 | 0 | 1 | |a Ruzicka T |e aut |
| 856 | 4 | 0 | |u http://publicatio.bibl.u-szeged.hu/32202/1/aok_klny_13_92.pdf |z Dokumentum-elérés |